| 000 | 00858nam a2200265Ia 4500 | ||
|---|---|---|---|
| 003 | OSt | ||
| 005 | 20220926013445.0 | ||
| 006 | a|||||r|||| 00| 0 | ||
| 007 | ta | ||
| 008 | 220923b |||||||| |||| 00| 0 eng d | ||
| 037 | _cGeneral Book | ||
| 040 |
_aRTL _cRTL _beng |
||
| 041 |
_2eng _aeng |
||
| 082 | _aX:77.1(X).N7, L8/UN | ||
| 100 |
_aFeder Gershon _9318361 |
||
| 110 |
_aWorld Bank _9124638 |
||
| 245 | 0 | _aEconomic growth, foreign loans and debt servicing | |
| 260 |
_aNew York _bIBRD USA _c1978 |
||
| 300 |
_a49p. Bib p 47-49 _ccm. |
||
| 490 | _aWorld Bank Staff, Working paper. 274. International Bank for Reconstruction and Developing, publication | ||
| 650 |
_aEconomic Development _917300 |
||
| 700 |
_aWorld Bank _9124639 |
||
| 942 |
_hX:77.1(X).N7, L8/UN _cGB _2CC |
||
| 999 |
_c626034 _d626034 |
||